[Event "It (cat.10)"]
[Site "masterchessopen.com Biel (Switzerland)"]
[Round "9"]
[White "Rogers Ian (AUS)"]
[Black "Pelletier Yannick (SUI)"]
[Result "1-0"]
[WhiteElo "2575"]
[BlackElo "2440"]

1.e4 c5 2.Nf3 d6 3.d4 cxd4 4.Nxd4 Nf6 5.Nc3 Nc6 6.Bg5 e6 7.Qd2 Be7 8.O-O-O O-O
9.f4 Nxd4 10.Qxd4 Qa5 11.Kb1 Rd8 12.Be2 h6 13.h4 { ! } 13...e5 ( 13...hxg5
14.hxg5 Nd7 15.Qg1 { ! +?? } ) 14.Qd3 exf4 ( 14...hxg5 15.hxg5 Ng4 16.Bxg4
Bxg4 17.Qg3 Bxd1 18.Qh2 { ± } ) 15.Bxf4 Be6 16.Nd5 Nxd5 17.exd5 Bd7 18.g4 { ±
} 18...Rac8 19.Bd2 Qb6 20.g5 g6 21.Rdf1 { ! } 21...h5 22.Be3 Qc7 23.Rxf7 { ! }
23...Kxf7 ( 23...Qxc2+ 24.Qxc2 Rxc2 25.Kxc2 { ± } ) 24.Rf1+ Bf5 ( 24...Kg7
25.Bd4+ { +?? } ) 25.Rxf5+ gxf5 26.Qxf5+ Kg8 27.Qe6+ Kf8 28.Bd3 { ! }
28...Bxg5 29.Bxg5 Qf7 30.Bh6+ Kg8 31.Bh7+ { ! } 31...Kxh7 32.Qxf7+ Kxh6
33.Qxb7 Rg8 34.Qxa7 Rc5 35.b4 {#r} 1-0

[Event "It (b)"]
[Site "masterchessopen.com Budapest (Hungary)"]
[Round "2"]
[White "Kiss Gergely (HUN)"]
[Black "Wilhelmi Christian (GER)"]
[Result "1-0"]
[WhiteElo "2210"]
[BlackElo "2355"]

1.e4 c5 2.Nf3 d6 3.d4 cxd4 4.Nxd4 Nf6 5.Nc3 Nc6 6.Bg5 e6 7.Qd2 Be7 8.O-O-O O-O
9.f4 Nxd4 10.Qxd4 Qa5 11.Bc4 Bd7 12.Rd3 Bc6 13.Rg3 Kh8 14.f5 b5 15.e5 dxe5
16.Qxe5 Qb4 17.Bd3 Bd6 18.Qe3 exf5 19.a3 f4 20.Bxf6 gxf6 21.Qe2 Qc5 22.Rh3
Rae8 23.Rxh7+ Kg8 24.Qg4+ Qg5 25.Qh3 f5 26.Rh5 Qg7 27.Bxf5 Re3 28.Qh4 f6
29.Rh7 Qg5 30.Rh8+ Kf7 31.Qh7+ Ke8 32.Nd5 Re5 33.Bg6+ Kd8 34.Rxf8+ Bxf8
35.Qc7# 1-0

[Event "It (open)"]
[Site "masterchessopen.com Cairo (Egypt)"]
[Round "4"]
[White "El Taher Fouad (EGY)"]
[Black "Frhat Ali (EGY)"]
[Result "1-0"]
[WhiteElo "2445"]
[BlackElo "2220"]

1.e4 c5 2.Nf3 Nc6 3.d4 cxd4 4.Nxd4 Nf6 5.Nc3 d6 6.Bg5 e6 7.Qd2 Be7 8.O-O-O
Nxd4 9.Qxd4 O-O 10.f4 Qa5 11.Bc4 Bd7 12.e5 dxe5 13.fxe5 Bc6 14.Bd2 Nd7 15.Nd5
Qc5 16.Nxe7+ Qxe7 17.Rhe1 Rfd8 18.Qg4 Nf8 19.Kb1 Ng6 20.Bd3 Qc5 21.Be3 Qxe5
22.Bb6 Qxh2 23.Bxd8 Rxd8 24.Rh1 Qc7 25.Qh5 f5 26.Qxh7+ Kf7 27.Qh3 Rh8 28.Qe3
Rxh1 29.Rxh1 Qf4 30.Qxa7 Bxg2 31.Rg1 Bc6 32.Rf1 Qd6 33.Qe3 Ne7 34.a3 b5 35.Qb6
Nd5 36.Qd4 Be8 37.Bxf5 exf5 38.Rxf5+ Ke6 39.Qe4+ {#r} 1-0

[Event "It (open)"]
[Site "masterchessopen.com Cairo (Egypt)"]
[Round "10"]
[White "Labib Ibrahim Hasan (EGY)"]
[Black "Moh Abdel Zaher (EGY)"]
[Result "1-0"]
[WhiteElo "2195"]
[BlackElo "2241"]

1.e4 c5 2.Nf3 d6 3.d4 cxd4 4.Nxd4 Nf6 5.Nc3 Nc6 6.Bg5 e6 7.Qd2 Be7 8.O-O-O O-O
9.f4 Nxd4 10.Qxd4 Qa5 11.Bc4 Rd8 12.e5 dxe5 13.Qxe5 Rxd1+ 14.Rxd1 Qb6 15.Bxf6
Bxf6 16.Nd5 Qxb2+ 17.Qxb2 Bxb2+ 18.Kxb2 exd5 19.Bxd5 g6 20.Rd3 Rb8 21.Rc3 Be6
22.Bxe6 fxe6 23.Rc7 a5 24.Kc3 b5 25.Kd4 Rf8 26.g3 g5 27.fxg5 Rf2 28.h4 Rf3
29.Rc5 Rxg3 30.Rxb5 Rh3 31.c4 Rh2 32.c5 Kf7 33.h5 Rd2+ 34.Ke4 Rd5 35.Rb7+ Ke8
36.Kf4 Rf5+ 37.Kg4 Rxc5 38.h6 Rc1 39.Rxh7 Rg1+ 40.Kh5 {#r} 1-0

[Event "It (open)"]
[Site "masterchessopen.com Castellar (Spain)"]
[Round "0"]
[White "Ziatdinov Raset (USA)"]
[Black "Campos Jose Felix (ARG)"]
[Result "1-0"]
[WhiteElo "2475"]
[BlackElo "2260"]

1.e4 c5 2.Nf3 Nc6 3.d4 cxd4 4.Nxd4 Nf6 5.Nc3 d6 6.Bg5 e6 7.Qd2 Be7 8.O-O-O O-O
9.f4 Nxd4 10.Qxd4 Qa5 11.Bc4 Bd7 12.e5 dxe5 13.Qxe5 Qb4 14.Rd4 Qb6 15.Rhd1 Bc6
16.f5 Nd7 17.Qg3 Bxg5+ 18.Qxg5 h6 19.Qg3 exf5 20.Rxd7 Bxd7 21.Rxd7 Rae8 22.b3
Rd8 23.Rc7 Rd4 24.Nd5 f4 25.Qc3 Rxd5 26.Bxd5 Qg1+ 27.Kb2 Qxh2 28.Rxf7 {#r} 1-0

[Event "It (open) \"]
[Site "masterchessopen.com Copenhagen (Denmark)"]
[Round "2"]
[White "Gabrielsen Stig (NOR)"]
[Black "Simola Tuomas (FIN)"]
[Result "1-0"]
[WhiteElo "2225"]
[BlackElo "2092"]

1.e4 c5 2.Nf3 d6 3.d4 cxd4 4.Nxd4 Nf6 5.Nc3 Nc6 6.Bg5 e6 7.Qd2 Be7 8.O-O-O O-O
9.f4 Nxd4 10.Qxd4 Qa5 11.h4 e5 12.Qf2 Be6 13.a3 exf4 14.Bxf4 Rfc8 15.Bd3 d5
16.Nxd5 Nxd5 17.exd5 Bxd5 18.Bd2 Qd8 19.h5 Be6 20.Bc3 Qf8 21.Bd4 h6 22.Qe2 Ba2
23.b4 Re8 24.Qf3 Kh8 25.Rh3 Bg5+ 26.Kb2 Be6 27.Rg3 f6 28.Bc3 Bg8 29.Rxg5 fxg5
30.Qxb7 Re7 31.Qc6 Rc8 32.Qxh6+ {#r} 1-0

[Event "It (open) \"]
[Site "masterchessopen.com Decin (Czech Republic)"]
[Round "9"]
[White "Pletanek Jan (CZE)"]
[Black "Muhtarov Leonid (UKR)"]
[Result "0-1"]
[WhiteElo "2270"]
[BlackElo "2144"]

1.e4 c5 2.Nf3 Nc6 3.d4 cxd4 4.Nxd4 Nf6 5.Nc3 d6 6.Bg5 e6 7.Qd2 Be7 8.O-O-O O-O
9.f4 Nxd4 10.Qxd4 Qa5 11.Bc4 Bd7 12.e5 dxe5 13.fxe5 Bc6 14.Bd2 Nd7 15.Nd5 Qd8
16.Nxe7+ Qxe7 17.Rhe1 Rfc8 18.Bf1 a5 19.h4 h6 20.Qg4 Kh8 21.Re3 Nc5 22.Rg3 Rg8
23.Re1 b5 24.Ree3 Qb7 25.Bd3 b4 26.Qf4 Nxd3+ 27.cxd3 Rac8 28.Kd1 Bd5 29.Rg4
Bxa2 30.Reg3 Qe7 31.Rxg7 Bb3+ 32.Ke1 Rxg7 33.Rxg7 Kxg7 34.Qxh6+ Kg8 35.Bg5 f6
36.Bxf6 Qh7 37.Qe3 Qg6 38.Kf1 Bd5 39.g3 Qf5+ 40.Kg1 Rc2 {#R} 0-1

[Event "Bayern Landesliga North"]
[Site "masterchessopen.com Germany"]
[Round "6"]
[White "Pesch Werner"]
[Black "Berreth Marc (GER)"]
[Result "1-0"]
[WhiteElo "2200"]
[BlackElo "2115"]

1.e4 c5 2.Nf3 Nc6 3.d4 cxd4 4.Nxd4 Nf6 5.Nc3 d6 6.Bg5 e6 7.Qd2 Be7 8.O-O-O
Nxd4 9.Qxd4 O-O 10.f4 Qa5 11.Bc4 Bd7 12.Bb3 Bc6 13.Rhe1 Rad8 14.Kb1 Kh8 15.a3
Rfe8 16.Qd3 h6 17.h4 Ng8 18.Bxe7 Nxe7 19.f5 d5 20.exd5 Nxd5 21.Nxd5 exd5
22.Rxe8+ Rxe8 23.Bxd5 Rd8 24.c4 b5 25.f6 g6 26.Qe3 Kh7 27.Qe7 {#r} 1-0

[Event "Oberliga NRW 1996/97"]
[Site "masterchessopen.com Germany"]
[Round "1"]
[White "Blaskowski Johannes (GER)"]
[Black "Roos Thomas (GER)"]
[Result "1-0"]
[WhiteElo "2303"]
[BlackElo "2255"]

1.e4 c5 2.Nf3 d6 3.d4 cxd4 4.Nxd4 Nf6 5.Nc3 Nc6 6.Bg5 e6 7.Qd2 Be7 8.O-O-O O-O
9.f4 Nxd4 10.Qxd4 Qa5 11.Bc4 Bd7 12.h4 Bc6 13.h5 h6 14.Bh4 e5 15.fxe5 dxe5
16.Qd3 Rfd8 17.Nd5 Bxd5 18.exd5 Rac8 19.Bb3 Qc5 20.Qf5 b5 21.d6 Rxd6 22.Rxd6
Bxd6 23.Bxf6 {#r} 1-0

[Event "It (open)"]
[Site "masterchessopen.com Groningen (Netherlands)"]
[Round "5"]
[White "Wang Zili (CHN)"]
[Black "Meins Gerlef (GER)"]
[Result "0-1"]
[WhiteElo "2535"]
[BlackElo "2465"]

1.e4 c5 2.Nf3 Nc6 3.d4 cxd4 4.Nxd4 Nf6 5.Nc3 d6 6.Bg5 e6 7.Qd2 Be7 8.O-O-O
Nxd4 9.Qxd4 O-O 10.f4 Qa5 11.Bc4 Bd7 12.e5 dxe5 13.fxe5 Bc6 14.Bd2 Bc5 15.Qh4
Nd7 16.Rhe1 Qc7 17.Bf4 Rfd8 18.Bg5 Rdc8 19.Bd3 Nf8 20.Ne4 Ng6 21.Qh5 Bb4
22.Re3 Bb5 23.Re2 Bxd3 24.Rxd3 h6 25.Bxh6 Qxe5 26.Bg5 Nf4 27.Qf3 Nxd3+ 28.Qxd3
Qd5 29.Qb3 Qxb3 30.axb3 f6 31.Be3 a6 32.h4 Be7 33.h5 f5 34.Nd2 Rc6 35.Nc4 Bf6
36.Na5 Rc7 37.Bb6 Re7 38.Bc5 Rc7 39.Bb6 Re7 40.Bc5 Rd7 41.Rxe6 Rad8 42.Re1 Bh4
43.Rf1 Bg5+ 44.Kb1 Rd1+ 45.Rxd1 Rxd1+ 46.Ka2 Rd7 47.Nc4 Bf4 48.b4 b5 49.Ne3
Bxe3 50.Bxe3 Re7 {#R} 0-1

[Event "It (open) (juniors) (under 20)"]
[Site "masterchessopen.com Hengelo (Netherlands)"]
[Round "1"]
[White "Van Otten Gerard (NED)"]
[Black "Huppertz Andrea (GER)"]
[Result "0-1"]
[WhiteElo "2087"]
[BlackElo "1864"]

1.e4 c5 2.Nf3 Nc6 3.d4 cxd4 4.Nxd4 d6 5.Nc3 Nf6 6.Bg5 e6 7.Qd2 Be7 8.O-O-O
Nxd4 9.Qxd4 O-O 10.f4 Qa5 11.Bc4 Rd8 12.e5 dxe5 13.Qxe5 Rxd1+ 14.Rxd1 Qb6
15.Qe1 h6 16.Bh4 Qc7 17.Qf1 a6 18.Bb3 b5 19.Kb1 Bb7 20.a3 Rc8 21.Be1 Nd5
22.Nxd5 Bxd5 23.Bg3 Bxb3 24.cxb3 Qc2+ 25.Ka2 Bf6 26.Rb1 Rc3 27.Qd1 Qxd1
28.Rxd1 Rc2 29.Rb1 Rxg2 30.b4 h5 31.a4 h4 32.Be1 Rxh2 {#R} 0-1

[Event "Ch Hungary (team) 1995/96"]
[Site "masterchessopen.com Hungary"]
[Round "7"]
[White "Cao Sang (HUN)"]
[Black "Szieberth Adam (HUN)"]
[Result "1-0"]
[WhiteElo "2529"]
[BlackElo "2300"]

1.e4 c5 2.Nf3 d6 3.d4 cxd4 4.Nxd4 Nf6 5.Nc3 e6 6.Bg5 Be7 7.f4 Nc6 8.Qd2 O-O
9.O-O-O Nxd4 10.Qxd4 Qa5 11.Bc4 h6 12.Bh4 e5 13.fxe5 dxe5 14.Qd3 Bg4 15.Bxf6
Bxf6 16.Rdf1 Rad8 17.Nd5 Bg5+ 18.Kb1 Rd6 19.Qg3 Be6 20.Qxe5 Bxd5 21.Bxd5 Qb6
22.Rxf7 Rxf7 23.Qe8+ Kh7 24.Qxf7 Qd8 25.Rd1 Rf6 26.Qxb7 Qd6 27.e5 Qxe5 28.Be4+
Kg8 29.Rd8+ Rf8 30.Qd5+ {#r} 1-0

[Event "It (open)"]
[Site "masterchessopen.com Italy"]
[Round "0"]
[White "Pagnoncelli Marco (ITA)"]
[Black "Aranovitch Emiliano (ITA)"]
[Result "0-1"]
[WhiteElo "2121"]
[BlackElo "2345"]

1.e4 c5 2.Nf3 Nc6 3.d4 cxd4 4.Nxd4 Nf6 5.Nc3 d6 6.Bg5 e6 7.Qd2 Be7 8.O-O-O
Nxd4 9.Qxd4 O-O 10.f4 Qa5 11.Be2 e5 12.Qd2 Be6 13.Kb1 Nxe4 14.Qe3 Nxc3+
15.Qxc3 Qxa2+ 16.Kc1 Rac8 17.Qb4 Bxg5 18.fxg5 Bf5 19.c3 a5 20.Qb5 Rxc3+ 21.Kd2
Rb3 {#R} 0-1

[Event "Match \"]
[Site "masterchessopen.com Kuala Lumpur (Malaysia)"]
[Round "4"]
[White "Mithrakanth Poorna Sharma (IND)"]
[Black "Ooi Chern Ee (MAS)"]
[Result "1-0"]
[WhiteElo "2350"]
[BlackElo "2225"]

1.e4 c5 2.Nf3 d6 3.d4 cxd4 4.Nxd4 Nf6 5.Nc3 Nc6 6.Bg5 e6 7.Qd2 Be7 8.O-O-O O-O
9.f4 Nxd4 10.Qxd4 Qa5 11.Bc4 Bd7 12.e5 dxe5 13.fxe5 Bc6 14.Bd2 Nd7 15.Nd5 Qd8
16.Nxe7+ Qxe7 17.Rhe1 Rfd8 18.Qg4 Nf8 19.Bd3 Rxd3 20.cxd3 Qd7 21.Bb4 Qd5
22.Bxf8 Rxf8 23.Kb1 Qxg2 24.Qf4 Qd5 25.Rg1 Rd8 26.h4 g6 27.Rgf1 Rd7 28.h5 Bb5
29.Rf3 Bc4 30.a3 Qb5 31.Rc1 Bxd3+ 32.Ka1 f5 33.exf6 Bf5 34.Qh6 e5 35.hxg6 hxg6
36.Rxf5 {#r} 1-0

[Event "It (open)"]
[Site "masterchessopen.com Novorossijsk (Russia)"]
[Round "0"]
[White "Tseshkovsky Vitaly (RUS)"]
[Black "Fomichenko Eduard (RUS)"]
[Result "1-0"]
[WhiteElo "2495"]
[BlackElo "2460"]

1.e4 c5 2.Nf3 d6 3.d4 cxd4 4.Nxd4 Nf6 5.Nc3 Nc6 6.Bg5 e6 7.Qd2 Be7 8.O-O-O O-O
9.f4 Nxd4 10.Qxd4 Qa5 11.Kb1 h6 12.h4 e5 13.Qd2 Nxe4 14.Nxe4 Qxd2 15.Rxd2 hxg5
16.fxg5 Be6 17.Nc3 Rac8 18.Be2 a6 19.Bf3 Rc7 20.Nd5 Bxd5 21.Bxd5 g6 22.a4 Kg7
23.Rh3 f6 24.gxf6+ Rxf6 25.h5 Rf1+ 26.Ka2 Bg5 27.Re2 Rf4 28.c4 gxh5 29.Rxh5
Kg6 30.Rh8 Bf6 31.Rg8+ Rg7 32.Rxg7+ Kxg7 33.a5 Bd8 34.b4 b6 35.b5 bxa5 36.bxa6
Bb6 37.Rb2 Rf2 38.Rxf2 Bxf2 39.Kb3 Kf6 40.Ka4 Bd4 41.Kxa5 Kf5 42.Kb5 e4 43.Kc6
Ke5 {#r} 1-0

[Event "Memorial P.Keres (cat.17)"]
[Site "masterchessopen.com Parnu (Estonia)"]
[Round "1"]
[White "Oll Lembit (EST)"]
[Black "Hracek Zbynek (CZE)"]
[Result "1-0"]
[WhiteElo "2620"]
[BlackElo "2625"]

1.e4 c5 2.Nf3 Nc6 3.d4 cxd4 4.Nxd4 Nf6 5.Nc3 d6 6.Bg5 e6 7.Qd2 Be7 8.O-O-O O-O
9.f4 Nxd4 10.Qxd4 Qa5 11.Bc4 Bd7 12.e5 dxe5 13.fxe5 Bc6 14.Bd2 Nd7 15.Nd5 Qd8
16.Nxe7+ Qxe7 17.Rhe1 Rfd8 18.Qg4 Nf8 19.Bd3 { 19. ?f1 - Van der Wiel - Leko,
Linz 1995 } ( 19.Bf1 Qc5 20.Qb4 Qf2 21.Qf4 Qb6 22.Qe3 Ng6 23.g3 Rd5 24.Bc3
Rxd1+ 25.Kxd1 Qd8+ 26.Kc1 Qe8 { ! } 27.Bd4 Bb5 { = } ) 19...Rxd3 20.cxd3 Qd7
21.Bb4 { 21. ?b1 - Oll - Hodgson, Groningen 1993 21. ?e3 - Stefansson -
Kotronias, Reykjavik 1994 21. b3 - Ljubojevic - Leko, Belgrade 1995 } ( 21.Kb1
Qxd3+ 22.Ka1 h5 23.Qxh5 Ba4 24.Bc3 Bxd1 25.Rxd1 Qe4 { ? } ) ( 21.Re3 Qd5
22.Kb1 Ng6 23.Rg3 Qxe5 24.Bc3 Qb5 25.h4 h5 26.Qe2 Bd5 { ? } ) ( 21.b3 a5
22.Bc3 Ng6 23.Re2 Ne7 { ? } ) 21...Qd5 22.Bxf8 Rxf8 23.Kb1 Qxg2 24.Qxg2 Bxg2
25.Re3 { ! novelty 25. ?c1 - Adams - Kramnik, Moscow (ol) 1994 25. ?g1 -
Z.Almazi - Kramnik, Ljubljana 1995 } ( 25.Rc1 Bc6 26.Kc2 f5 27.exf6 Rxf6
28.Rf1 Rh6 29.Rf2 Rh3 { ? } ) ( 25.Rg1 Bc6 26.Kc2 f5 27.exf6 Rxf6 28.Rdf1 Rh6
29.Rf2 Rh4 { ? } ) 25...f5 ( 25...Rd8 { !? } 26.Rg1 Bc6 27.Reg3 g6 28.Kc2 { ?
} ) 26.exf6 Rxf6 27.Rg1 Bd5 28.Reg3 g6 { ? } ( 28...Rf7 { ! ? } ) 29.h4 { ± }
29...Rf5 30.Rg5 { ! } 30...Rf3 31.Kc2 Kg7 32.h5 a5 33.hxg6 h6 34.R5g3 Rf8
35.a3 h5 36.Kd2 Rh8 37.Rh3 e5 38.Re3 e4 39.dxe4 Bc6 40.Ke2 h4 41.Kf2 h3 42.Kg3
Kxg6 43.Kh2+ Kf6 44.e5+ Ke6 45.Rg6+ Kd5 46.Rd6+ Kc4 47.e6 Kc5 48.Rd2 { } {#r}
1-0

[Event "It (open)"]
[Site "masterchessopen.com Passau (Germany)"]
[Round "0"]
[White "Lanka Zigurds (LAT)"]
[Black "Feher Gyula (HUN)"]
[Result "1-0"]
[WhiteElo "2545"]
[BlackElo "2375"]

1.e4 c5 2.Nf3 Nc6 3.d4 cxd4 4.Nxd4 Nf6 5.Nc3 d6 6.Bg5 e6 7.Qd2 Be7 8.O-O-O O-O
9.f4 Nxd4 10.Qxd4 Qa5 11.Kb1 h6 12.h4 e5 13.Qd3 exf4 14.Bxf4 Be6 15.Be2 Rac8
16.Nd5 Bxd5 17.exd5 Rc5 18.c4 b5 19.cxb5 Qa4 20.Be3 Rxd5 21.Qc4 Rxd1+ 22.Rxd1
Qa5 23.Qd4 Ra8 24.g4 Bd8 25.g5 Bb6 26.Bd2 {#r} 1-0

[Event "It (open)"]
[Site "masterchessopen.com Regensburg (Germany)"]
[Round "6"]
[White "Radulov Ivan (BUL)"]
[Black "Inkiov Ventzislav (BUL)"]
[Result "0-1"]
[WhiteElo "2395"]
[BlackElo "2505"]

1.e4 c5 2.Nf3 d6 3.d4 cxd4 4.Nxd4 Nf6 5.Nc3 Nc6 6.Bg5 e6 7.Qd2 Be7 8.O-O-O O-O
9.f4 Nxd4 10.Qxd4 Qa5 11.Bc4 Bd7 12.Rhe1 Bc6 13.Kb1 b5 14.Bb3 Rfd8 15.f5 b4
16.Nd5 Bxd5 17.exd5 e5 18.Qd2 Qb5 19.g4 a5 20.Bxf6 gxf6 21.c4 bxc3 22.Qxc3
Rdc8 23.Qd3 Qxd3+ 24.Rxd3 a4 25.Bc2 Rc4 26.h3 Bf8 27.Ra3 Rac8 28.Re2 Bh6 29.b3
Rf4 30.Re1 Rf2 31.Bd3 Rc3 32.Bc4 Bd2 {#R} 0-1

[Event "It (open)"]
[Site "masterchessopen.com Sitges (Spain)"]
[Round "7"]
[White "Korneev Oleg (RUS)"]
[Black "Cicak Slavko (SWE)"]
[Result "1-0"]
[WhiteElo "2565"]
[BlackElo "2445"]

1.e4 c5 2.Nf3 d6 3.d4 cxd4 4.Nxd4 Nf6 5.Nc3 Nc6 6.Bg5 e6 7.Qd2 Be7 8.O-O-O
Nxd4 9.Qxd4 O-O 10.f4 Qa5 11.Bc4 h6 12.Bh4 e5 13.fxe5 dxe5 14.Qd3 Bg4 15.Bxf6
Bxf6 16.Rdf1 Bg5+ 17.Kb1 Be6 18.h4 Be7 19.Nd5 Qc5 20.Qe2 b5 21.Nxe7+ Qxe7
22.Bxe6 Qxe6 23.Qxb5 Rfd8 24.Qe2 Rd6 25.Rd1 Rad8 26.b3 Qd7 27.Rxd6 Qxd6 28.Rf1
Qb4 29.Qf3 Qb7 30.g4 Rd4 31.Kb2 Qxe4 32.Qxf7+ Kh7 33.g5 Rd2 34.Qf5+ Qxf5
35.Rxf5 h5 36.Rxe5 Rd4 37.c4 Rxh4 38.c5 Rh2+ 39.Kc3 Rxa2 40.c6 Rf2 41.c7 Rf8
42.Kb4 Rc8 43.Rc5 {#r} 1-0

[Event "Match \"]
[Site "masterchessopen.com St. Petersburg (Russia)"]
[Round "1"]
[White "Marciano David (FRA)"]
[Black "Lugovoi Aleksei (RUS)"]
[Result "1-0"]
[WhiteElo "2480"]
[BlackElo "2500"]

1.e4 c5 2.Nf3 Nc6 3.d4 cxd4 4.Nxd4 Nf6 5.Nc3 d6 6.Bg5 e6 7.Qd2 Be7 8.O-O-O O-O
9.f4 Nxd4 10.Qxd4 Qa5 11.Bc4 Bd7 12.e5 dxe5 13.fxe5 Bc6 14.Bd2 Nd7 15.Nd5 Qd8
16.Nxe7+ Qxe7 17.Rhe1 Rfd8 18.Qg4 Nf8 19.Bd3 Rxd3 20.cxd3 Qd7 21.Bb4 Qd5
22.Bxf8 Rxf8 23.Kb1 Qxg2 24.Qxg2 Bxg2 25.Rc1 Bc6 26.Kc2 f5 27.exf6 Rxf6 28.Kc3
g5 29.Rf1 Rh6 30.Rg1 Rg6 31.Kd4 g4 32.b4 a6 33.a4 h5 34.Rxc6 bxc6 35.Kc5 e5
36.Kb6 Rd6 37.Kxa6 Rxd3 38.Kb6 Rb3 39.Ra1 Rxb4+ 40.Kc7 Rf4 41.a5 Rf7+ 42.Kb6
Kg7 43.a6 Kg6 44.a7 Rxa7 45.Rxa7 Kf5 46.Kxc6 Ke4 47.Rh7 Kf3 48.Rxh5 e4 49.Rf5+
{#r} 1-0

[Event "It (cat.7)"]
[Site "masterchessopen.com Star Dojran (Macedonia)"]
[Round "7"]
[White "Dimitrov Vladimir (BUL)"]
[Black "Cosma Ioan (ROM)"]
[Result "0-1"]
[WhiteElo "2530"]
[BlackElo "2470"]

1.e4 c5 2.Nf3 Nc6 3.d4 cxd4 4.Nxd4 Nf6 5.Nc3 d6 6.Bg5 e6 7.Qd2 Be7 8.O-O-O
Nxd4 9.Qxd4 O-O 10.f4 Qa5 11.e5 dxe5 12.fxe5 Rd8 13.Qf4 Rxd1+ 14.Kxd1 Nd5
15.Nxd5 Qxd5+ 16.Bd3 Bxg5 17.Qxg5 Bd7 18.Qh4 g6 19.Rf1 Qxe5 20.Qe7 Be8 21.h4
Qd5 22.g4 b6 23.h5 Qd8 24.Qb7 Rc8 25.h6 Rc7 26.Qe4 Qg5 27.Qf4 Qxf4 28.Rxf4 Kf8
29.Kd2 a5 30.b4 f5 {#R} 0-1

[Event "It (open)"]
[Site "masterchessopen.com Senigallia (Italy)"]
[Date "1996.05.23"]
[Round "6"]
[White "Mrdja Milan (CRO)"]
[Black "Lagrotteria Salvatore (ITA)"]
[Result "1-0"]
[WhiteElo "2455"]
[BlackElo "2165"]

1.e4 c5 2.Nf3 Nc6 3.d4 cxd4 4.Nxd4 Nf6 5.Nc3 d6 6.Bg5 e6 7.Qd2 Be7 8.O-O-O O-O
9.f4 Nxd4 10.Qxd4 Qa5 11.Kb1 Rd8 12.Qd2 Qc7 13.Bd3 Bd7 14.g4 Bc6 15.Qe2 a6
16.Rhf1 b5 17.Rde1 Re8 18.h4 d5 19.Bxf6 Bxf6 20.e5 Be7 21.Nd1 d4 22.Qh2 Rac8
23.f5 Bd5 24.Qf2 Bb4 25.Re2 Qa5 26.b3 Bc3 27.Qf4 Qa3 28.f6 g6 29.h5 Rc4
30.Bxc4 bxc4 31.Qh6 Qf8 32.Qxf8+ Rxf8 33.Nxc3 dxc3 34.hxg6 fxg6 35.Re3 cxb3
36.cxb3 h5 37.gxh5 gxh5 38.Rg1+ Kh7 39.Kc2 Kh6 40.Kxc3 Rc8+ 41.Kb2 h4 42.Rg4
Kh5 43.Rg7 {#r} 1-0

[Event "Ch Argentina (team)"]
[Site "masterchessopen.com Argentina"]
[Round "6"]
[White "Lorenzini Martin (ARG)"]
[Black "Sola Ruben (ARG)"]
[Result "0-1"]
[WhiteElo "2325"]
[BlackElo "2255"]

1.e4 c5 2.Nf3 Nc6 3.d4 cxd4 4.Nxd4 Nf6 5.Nc3 d6 6.Bg5 e6 7.Qd2 Be7 8.O-O-O O-O
9.f4 Nxd4 10.Qxd4 Qa5 11.Bc4 Bd7 12.e5 dxe5 13.fxe5 Bc6 14.Bd2 Nd7 15.Nd5 Qd8
16.Nxe7+ Qxe7 17.Kb1 Rfd8 18.Bd3 Nc5 19.Qg4 Nxd3 20.cxd3 Qc5 21.Bg5 Qxe5
22.Bxd8 Rxd8 23.d4 Qe4+ 24.Qxe4 Bxe4+ 25.Ka1 Bxg2 26.Rhe1 Bc6 27.b3 Kf8 28.Kb2
Ke7 29.Kc3 f5 30.Rg1 Kf6 31.h4 g6 {#R} 0-1

[Event "It (open)"]
[Site "masterchessopen.com Asti (Italy)"]
[Round "0"]
[White "Dutreeuw Marc (BEL)"]
[Black "Luther Thomas (GER)"]
[Result "0-1"]
[WhiteElo "2400"]
[BlackElo "2525"]

1.e4 c5 2.Nf3 Nc6 3.d4 cxd4 4.Nxd4 Nf6 5.Nc3 d6 6.Bg5 e6 7.Qd2 Be7 8.O-O-O O-O
9.f4 Nxd4 10.Qxd4 Qa5 11.e5 dxe5 12.Qxe5 Qxe5 13.fxe5 Nd5 14.Bxe7 Nxe7 15.Bd3
b6 16.Be4 Rb8 17.Rhe1 Bb7 18.Rd7 Bxe4 19.Nxe4 Nc6 20.Nd6 Rbd8 21.Rc7 Nxe5
22.Nb5 f6 23.Rxa7 Ra8 24.Rxa8 Rxa8 25.a3 Kf7 26.b3 g5 27.Re3 Ke7 28.c4 h5
29.Kc2 Rd8 30.Rc3 f5 31.h3 Rc8 32.Re3 Kf6 33.Nd4 g4 34.h4 Re8 35.a4 Ng6 36.b4
Nxh4 37.g3 f4 38.gxf4 Nf5 39.Nxf5 Kxf5 40.Re5+ Kxf4 41.Rxh5 g3 {#R} 0-1

[Event "It (cat.12)"]
[Site "masterchessopen.com Beijing (China)"]
[Round "8"]
[White "Zhang Zhong (SIN)"]
[Black "Atalik Suat (BIH)"]
[Result "1-0"]
[WhiteElo "2475"]
[BlackElo "2590"]

1.e4 c5 2.Nf3 d6 3.d4 cxd4 4.Nxd4 Nf6 5.Nc3 Nc6 6.Bg5 e6 7.Qd2 Be7 8.O-O-O
Nxd4 9.Qxd4 O-O 10.f4 Qa5 11.Kb1 Rd8 12.Be2 Bd7 13.Qe3 Bc6 14.Qg3 Qc5 15.Bd3
e5 16.Rhf1 exf4 17.Bxf4 Nh5 18.Qh3 Bd7 19.Qf3 Nxf4 20.Qxf4 Be6 21.Nd5 Bf8
22.h4 Rac8 23.h5 Qd4 24.Be2 Qe5 25.Bg4 Qxf4 26.Rxf4 Rc5 27.Rdf1 h6 28.Bxe6
fxe6 29.Rxf8+ Rxf8 30.Ne7+ Kh7 31.Rxf8 Rxh5 32.b3 Rg5 33.Rf2 Rc5 34.c4 Rc7
35.Rf7 h5 36.Kb2 h4 37.a4 a6 38.Ka3 a5 39.Kb2 Rc5 40.Rf4 g6 41.Rxh4+ Kg7
42.Rg4 g5 43.Nd5 {#r} 1-0

[Event "Ch Brazil (1/2 final)"]
[Site "masterchessopen.com Brazil"]
[Round "6"]
[White "Van Riemsdijk Herman C (BRA)"]
[Black "Tsuboi Edson Kenji (BRA)"]
[Result "1-0"]
[WhiteElo "2400"]
[BlackElo "2345"]

1.e4 c5 2.Nf3 d6 3.d4 cxd4 4.Nxd4 Nf6 5.Nc3 Nc6 6.Bg5 e6 7.Qd2 Be7 8.O-O-O
Nxd4 9.Qxd4 O-O 10.f4 Qa5 11.Kb1 Rd8 12.h4 e5 13.Qd2 exf4 14.Nd5 Qxd2 15.Nxe7+
Kf8 16.Rxd2 Kxe7 17.Rd4 h6 18.Bxf4 Ng4 19.Rh3 Ne5 20.Rc3 Nc6 21.Rd2 Bg4 22.Bc4
f6 23.Ba6 Rab8 24.Bxb7 Rxb7 25.Rxc6 Rb6 26.Rc7+ Rd7 27.Rxd7+ Bxd7 28.c4 g5
29.Bg3 Be8 30.Kc2 Bg6 31.Rd4 Ke6 32.Kc3 Be8 33.b3 Bg6 34.b4 a5 35.b5 a4 36.Kb4
gxh4 37.Bf4 {#r} 1-0

[Event "?"]
[Site "masterchessopen.com Chicago (USA)"]
[Round "0"]
[White "Ivanov Alexander (USA)"]
[Black "Khan Anna (USA)"]
[Result "1-0"]
[WhiteElo "2523"]
[BlackElo "2257"]

1.e4 c5 2.Nf3 d6 3.d4 cxd4 4.Nxd4 Nf6 5.Nc3 Nc6 6.Bg5 e6 7.Qd2 Be7 8.O-O-O O-O
9.f4 Nxd4 10.Qxd4 Qa5 11.Bc4 Bd7 12.Rhe1 Bc6 13.f5 b5 14.Bb3 b4 15.e5 dxe5
16.Rxe5 Qc7 17.fxe6 bxc3 18.exf7+ Kh8 19.Qxc3 Bb4 20.Qd4 Nd7 21.Re6 Nc5
22.Qxb4 Nxe6 23.Bxe6 Qe5 24.Qg4 Bxg2 25.Be7 Qe3+ 26.Kb1 Bf3 27.Qg3 Qxe6
28.Bxf8 Bg4 29.Bxg7+ Kxg7 30.h3 {#r} 1-0

[Event "Bayern Regionalliga Northwest"]
[Site "masterchessopen.com Germany"]
[Round "7"]
[White "Schilling Frank"]
[Black "Buechs Martin"]
[Result "0-1"]
[WhiteElo "1865"]
[BlackElo "1890"]

1.e4 c5 2.Nf3 Nc6 3.d4 cxd4 4.Nxd4 d6 5.Nc3 Nf6 6.Bg5 e6 7.Qd2 Be7 8.f4 O-O
9.O-O-O Nxd4 10.Qxd4 Qa5 11.Kb1 Rb8 12.Qd2 Kh8 13.Bxf6 gxf6 14.Nb5 Qxd2
15.Rxd2 Bd7 16.Nxd6 Bc6 17.e5 Rbd8 18.c4 b6 19.b4 fxe5 20.fxe5 f6 21.c5 bxc5
22.bxc5 fxe5 23.Bc4 Bd5 24.Bxd5 exd5 25.Rxd5 Rf2 26.Rhd1 Rb8+ 27.Ka1 Rbb2
28.Ne4 Rxa2+ 29.Kb1 Rab2+ 30.Ka1 Ra2+ 31.Kb1 Rxg2 32.Rxe5 Rgb2+ 33.Kc1 Rxh2
34.Kb1 Rhb2+ 35.Kc1 Rc2+ 36.Kb1 Rcb2+ 37.Kc1 Re2 38.Rxe7 Ra1# 0-1

[Event "Oberliga Baden 1997/98"]
[Site "masterchessopen.com Germany"]
[Round "4"]
[White "Hanisch Joerg (GER)"]
[Black "Gschnitzer Oswald (GER)"]
[Result "0-1"]
[WhiteElo "2214"]
[BlackElo "2435"]

1.e4 c5 2.Nf3 Nc6 3.d4 cxd4 4.Nxd4 Nf6 5.Nc3 d6 6.Bg5 e6 7.Qd2 Be7 8.O-O-O O-O
9.f4 Nxd4 10.Qxd4 Qa5 11.Bc4 Bd7 12.e5 dxe5 13.fxe5 Bc6 14.Bd2 Nd7 15.Nd5 Qd8
16.Nxe7+ Qxe7 17.Rhe1 Rfc8 18.Qg4 Nf8 19.Bd3 a5 20.h4 Bd5 21.Kb1 Ng6 22.g3 Qc7
23.Qg5 Bf3 24.Rc1 Rd8 25.Qe3 Bg4 26.Qg5 h5 27.Bf4 Nf8 28.Bd2 Rd5 29.Bc3 Rc8
30.Be2 f5 31.Bxg4 hxg4 32.h5 Nh7 33.Qf4 Qd8 {#R} 0-1